Регионална библиотека "Любен Каравелов" - Русе

Падащият детектив (Запис номер 326429)

MARC детайли
000 -Лидер
Контролно поле с фиксирана дължина nam a22 a 4500
003 - Код на организацията, давaща контролен номер
Контролно поле BLK
005 - Дата и час на последна редакция
Контролно поле 20190205123407.0
008 - Елементи от данни с фиксирана дължина
fixed length control field 181120b bu |||gr|||| 00| 0 bu d
020 ## - Международен стандартен номер на книга ISBN
Международен стандартен номер на книга ISBN 978-954-330-463-9
040 ## - Източник на каталожния запис
Идентификатор на билиотеката - собственик на записа BLK
041 ## - Код за език
Код за езика на текст/звукозапис или на отделно заглавие Български
Код за езика КДБФ Български
080 ## - УДК
Текстов определител УДК Шведска литература
УДК код - определител по УДК 821.113.6
УДК - код + определител 821.113.6-312.4
УДК определител -312.4
100 ## - Редна дума - Автор
R(LIN) 343414
Автор Карлсон, Кристофер
Авторска отговорност първи автор
139 ## - Редно поле
Редна дума Карлсон, Кристофер
Авторски знак К - К 11
245 ## - Сведения за заглавието
Заглавие Падащият детектив
260 ## - Област на издателските данни
9 (RLIN) 390785
Място на издаване, разпространение и проч. София
Име на издателя, разпространителя и проч. ИК Унискорп
Година на издаване 2017
Печатница Инвестпрес
Дата на отпечатване 2017
300 ## - Физическа характеристика
Страници 424 с.
Размери/Мащаб 20 см
380 ## - Жанр
Жанр Худож. лит.
490 ## - СЕРИИ (Колекции)
Име на серия Четиво на един дъх
500 ## - Общи забележки
Забележка Ориг. загл.: Den fallande detektiven / Christoffer Carlsson<br/>Загл. на англ. ез.: The falling detective<br/>Биогр. данни за авт. отбелязани на гърба на кор.
653 #7 - Ключова дума – ненормативна
9 (RLIN) 195714
Ключова дума романи
700 ## - Други автори (авторска отговорност)
9 (RLIN) 381669
Лично име Джелепова, Стела
Автороска отговорност (Описва отношението между автора и произведението) прев. от швед.
700 ## - Други автори (авторска отговорност)
9 (RLIN) 347184
Лично име Атанасова, Венета
Автороска отговорност (Описва отношението между автора и произведението) ил.
852 ## - Местоположение
Форматна сигнатура Цб 291718
999 ## - СИСТЕМНИ КОНТРОЛНИ НОМЕРА
Koha biblionumber 326429
Koha biblioitemnumber 326429
942 ## - АРТИКУЛИ
Вид на библиотечния материал Книги
Скрит в OPAC Не
Koha issues (borrowed), all copies 1
944 ## - СЪЗДАВАНЕ И РЕДАКЦИЯ на ЗАПИСА
Създаване/Редакция Създаване
Дата на регистрацията/редакция 2018-11-20
Служител, извършил регистрацията/редакцията Моника Янева
Статус, дата на статуса 2018-11-20
999 ## - СИСТЕМНИ КОНТРОЛНИ НОМЕРА
Koha biblioitemnumber 326429
999 ## - СИСТЕМНИ КОНТРОЛНИ НОМЕРА
Koha biblioitemnumber 326429
999 ## - СИСТЕМНИ КОНТРОЛНИ НОМЕРА
Koha biblioitemnumber 326429
Наличности
Код за отписване Код за изгубен артикул Източник на класификационната схема Код за повреда Коз за рестрикции Код за отдаване Артикулен № Име на библиотеката - собственик Име на библиотеката, в която се намира в момента Статус (Текущо местоположение) Дата на вписване в системата Местоположение - отдел Цена в лева Систематично азбучна сигнатура Баркод Цена в евро Служебен тип на артикула
  Не е изгубен Universal Decimal Classification Не е повреден без рестрикции ползва се в читалня 682378 Регионална библиотека "Любен Каравелов" Русе Регионална библиотека "Любен Каравелов" Русе Хранилище 2018-11-21 Хранилище 16.00 Цб 291718 120000825699 8.18 Книги
Vip Innovations Ltd, Rousse, Bulgaria 2025